00671 2200253 4500001002100000005001700021008004100038020002200079035002400101040001200125041000800137082000800145090001400153100002800167245004700195250001000242260003500252300003700287504002600324600002100350650001200371990001700383990001700400YOGYA-0113000000124220130121114821.0 ind  a978-979-002-513-4 0010-011300000001242 aYOPDYOG aInd a635 a635 Hes P aHESTI DWI Setyaningrum. aPanen ssayur secara rutin di lahan sempit. aCet.1 aJakartabPenebar swadayac2011 aIV, 228 hlmbilusc23 cm (2 eks) aBibliografi: hlm. 226 aCahyo saparinto. aSayuran a341-RBM/B.12 a342-RBM/B.12